LEADER 00987cam0-2200337---450- 001 990004682340403321 005 20091008095256.0 035 $a000468234 035 $aFED01000468234 035 $a(Aleph)000468234FED01 035 $a000468234 100 $a19990604d1972----km-y0itay50------ba 101 0 $ager 102 $aDE 105 $aa-------001yy 200 1 $a<>mann-weibliche Leitbild in der Antike$fErnst W. Klimowsky$gmit Einführung von Max Brod 210 $aMünchen$cUNI-Druck$dc1972 215 $a221 p.$cill.$d21 cm 610 0 $aArte$aGrecia 610 0 $aGrecia antica$aArte 610 0 $aArte antica 676 $a930.1 700 1$aKlimowsky,$bErnst Werner$f<1904- >$0298753 702 1$aBrod,$bMax$f<1884-1968> 801 0$aIT$bUNINA$gRICA$2UNIMARC 901 $aBK 912 $a990004682340403321 952 $a930.1 KLI 1$bIst.Fil.Cl.4401$fFLFBC 959 $aFLFBC 996 $aMann-weibliche Leitbild in der Antike$9554619 997 $aUNINA LEADER 01139nam0-2200349 --450 001 9910479152703321 005 20210617095314.0 010 $a978-88-575-6617-7 100 $a20210617d2020----kmuy0itay5050 ba 101 1 $aita$cita 102 $aIT 105 $ay 001yy 200 1 $a<>lettura perversa del film d'autore$eda Psyco a Joker$fSlavoj ?i?ek$gintroduzione di Damiano Cantone 210 $aMilano$aUdine$cMimesis$d2020 215 $a274 p.$cill.$d21 cm 225 1 $aMimesis. Cinema minima$v89 300 $aScelta di scritti 300 $aTraduzione e revisione dei testi di Michele Alduino e Francesca Adamo 320 $aContiene bibl. (pp. 271-274> 610 0 $aCinema$aRapporti [con la] filosofia 676 $a791.43019$v23$zita 700 1$aZizek,$bSlavoj$0171480 702 1$aCantone,$bDamiano 702 1$aAlduino,$bMichele 702 1$aAdamo,$bFrancesca 801 0$aIT$bUNINA$gREICAT$2UNIMARC 901 $aBK 912 $a9910479152703321 952 $aCOLLEZ. 2843 (89)$b1118/2021$fFSPBC 959 $aFSPBC 996 $aLettura perversa del film d'autore$91806493 997 $aUNINA